<The> Third Sector - The New Path Towards the Entrepreneurship of the Future? - Polish Insights
Dôvody, pre ktoré podnikatelia zvolia ekonomiku tretieho sektora ako cestu k podnikaniu. Analýza možnej oblasti pôsobnosti a limitov konkrétnych foriem ekonomiky.
Uložené v:
| Hlavný autor: | |
|---|---|
| Médium: | Kapitola |
| Jazyk: | English |
| Predmet: | |
| Tagy: |
Žiadne tagy, Buďte prvý, kto otaguje tento záznam!
|
MARC
| LEADER | 00000naa a2200000 4500 | ||
|---|---|---|---|
| 001 | 0272475 | ||
| 005 | 20250721130543.1 | ||
| 041 | 0 | |a eng | |
| 044 | |a CZ | ||
| 245 | 1 | 0 | |a <The> Third Sector - The New Path Towards the Entrepreneurship of the Future? - Polish Insights |c Anna Jasińska-Biliczak |
| 520 | |a Dôvody, pre ktoré podnikatelia zvolia ekonomiku tretieho sektora ako cestu k podnikaniu. Analýza možnej oblasti pôsobnosti a limitov konkrétnych foriem ekonomiky. | ||
| 610 | 2 | 0 | |a organizácie neziskové |
| 610 | 2 | 0 | |a javy sociálne |
| 610 | 2 | 0 | |a podnikanie |
| 610 | 2 | 0 | |a dobrovoľníctvo |
| 610 | 2 | 0 | |a dôvody sociálne |
| 610 | 2 | 0 | |a Poľsko |
| 100 | 1 | |a Jasińska-Biliczak, Anna | |